Statistics for Hit Singles

Click here to take the quiz!

General Stats

  • This quiz has been taken 14 times
  • The average score is 12 of 20

Answer Stats

QuestionAnswer% Correct
Red Hot Chili PeppersCalifornication
100%
Katy PerryI Kissed A Girl
100%
George MichaelFaith
91%
Michael JacksonRemember The Time
91%
Bee GeesYou Win Again
91%
Andy GibbShadow Dancing
73%
Daryl Hall & John OatesKiss On My List
64%
AbbaOne Of Us
64%
PrinceDiamonds And Pearls
55%
Olivia RodrigoObsessed
55%
Petula ClarkThis Is My Song
55%
QueenBody Language
45%
Donna SummerDinner With Gershwin
45%
The KillersBones
36%
Kylie MinogueGot To Be Certain
36%
Jason DonovanI'm Doing Fine
36%
Olivia Newton-JohnLandslide
36%
Sophie Ellis-BextorMixed Up World
36%
HozierToo Sweet
36%
Dua LipaTraining Season
27%

Score Distribution

Percentile by Number Answered

Percent of People with Each Score

Your Score History

You have not taken this quiz